Music Quiz

Random Music or Song Quiz

One Word Wrong: Song Titles Quiz Stats

 Plays Quiz Updated Nov 27, 2012

Challenge
Share
Tweet
Embed
Score 0/30 Timer 06:00
1 Play Today
Title w/Wrong Word Correct Word % Correct
Girls Just Want To Have DessertFun, not Dessert
98%
We Will Mock YouRock, not Mock
95.9%
When a Man Loves a WeedwhackerWoman, not Weedwhacker
94.6%
Good LibationsVibrations, not Libations
93.2%
Love Lotion No. 9Potion, not Lotion
90.8%
Goodbye Yellow Snow RoadBrick, not Snow
90.8%
Leggy SuePeggy, not Leggy
90.5%
Save the Slam Dance for MeLast, not Slam
90.3%
Ain't No Hippy High EnoughMountain, not Hippy
90.1%
I Put a Gel on YouSpell, not Gel
89.2%
Give Peas a ChancePeace, not Peas
88.1%
Spitball WizardPinball, not Spitball
84.9%
You Can't Hurry MulesLove, not Mules
83.9%
Slipper FreakSuper, not Slipper
81.9%
Proud MurrayMary, not Murray
81.7%
Title w/Wrong Word Correct Word % Correct
Our Lips Are BotoxedSealed, not Botoxed
81.6%
Losing My PretensionReligion, not Pretension
80.4%
You're So LameVain, not Lame
80.2%
Mustache SallyMustang, not Mustache
74.3%
Monkeys for NothingMoney, not Monkeys
74%
Comfortably DumbNumb, not Dumb
73.6%
Sunnin' with the DevilRunnin', not Sunnin'
67.4%
Mr. Kerosene ManTambourine, not Kerosene
62.2%
Blister in the PalmSun, not Palm
56.2%
Gin & MousseJuice, not Mousse
52.1%
Get Ur Pants OnFreak, not Pants
45.6%
La GarageGrange, not Garage
42.7%
Eve of LiposuctionDestruction, Liposuction
42.3%
Polaroid AndroidParanoid, not Polaroid
42%
Lust for MethLife, not Meth
39.7%

You're not logged in!

Compare scores with friends on all Sporcle quizzes.
OR
Log In

You Might Also Like...

Show Comments

Extras

Top Quizzes Today


Score Distribution

Your Account Isn't Verified!

In order to create a playlist on Sporcle, you need to verify the email address you used during registration. Go to your Sporcle Settings to finish the process.

Report this User

Report this user for behavior that violates our Community Guidelines.

Details: